=LDR 00000nam 2200000 4500 =001 INLIS000000000000954 =005 20200921085936 =035 ##$$a 0010-061300000000954 =008 200921################g##########0#ind## =041 ##$$a Ind =082 ##$$a 303.34 =090 ##$$a 303.314, Kep =245 1#$$a Kepemimpinan lokal dan implementasi program, /$c Editor Philip Quaries Van Ufford; penerjemah Shirky =260 ##$$a Jakarta :$b Gramedia,$c 1988 =300 ##$$a xxvi, 210 hlm ; $c 21 x 14 cm =650 #4$$a Kepemimpinan =850 ##$$a NBPNMAT =020 ##$$a 979-403-381-2 =084 ##$$a 303.34 KEP k =100 #$$a Kepemimpinan lokal dan implementasi program =504 ##$$a Bibliografi: halaman 205-207 =990 ##$$a 58.846/pro.98 =990 ##$$a 58.847/pro.93 =990 ##$$a DW99002739